000 00726nam a2200289 a 4500
999 _c8297
_d8297
001 8297
003 BD-JhCC
005 20180709104534.0
008 180220s2000 ii a|||| || | 001 0 eng d
020 _a8175562127
035 _a(BD-JhCC)8297
040 _aBD-JhCC
_dBD-JhCC
041 _aeng
082 _a531
_bGUP 2000
100 _aGupta, S. L.
245 _aPragati's Classical Mechanics /
_cS. L. Gupta, V. Kumar, H. V. Sharma
250 _a7th ed.
260 _aDelhi :
_bPragati Prakashan,
_c2000
300 _a415p. :
_bill. ;
_c20 cm.
504 _aIncludes Index
650 _aPhysics
650 _aMechanics
700 _aKumar, V.
700 _aSharma, H. V.
942 _2ddc
_cBK